00925nam a2200217 a 450000100100000000500170001000800410002702000180006804000250008608200150011110000450012624501340017126000610030530000210036650000420038750000700042950400320049970000400053195201190057199900170069000003447820200930073725.0111005s2008 mx 000 0 spa d a9789689221081 aDO-SdBNPbspacBNPHU axxxbG958r1 aGuillén Reyes, José Alejandro95991710aReflexiones politológicas sobre la estatización de la banca /cJosé Alejandro Guillén Reyes, Jaime Ángel Chama Cancela. aMéxico :bCentro de Estudios Espinosa Yglesias,c2008. a173 p. ;c24 cm. aIncluye notas al pie de las páginas aIncluye datos biográficos del autor en la solapa de la cubierta aBibliografía : p. 171-1731 aChama Cancela, Jaime Ángel959918 001054708MOaGRbGRcCTd2011-10-05iLF1l0oxxx G958rp34478-10r2020-06-25w2020-06-25y4ZPréstamo en sala c33969d33969